Produkty komerčných bánk pre malé a stredné podniky bakalárska práca

Saved in:
Bibliographic Details
Main Author: Lin, Xinyi
Corporate Author: Národohospodárska fakulta EU. Katedra bankovníctva a medzinárodných financií
Other Authors: Horvátová, Eva, 1958-
Format: Book
Language:Slovak
Published: Bratislava 2018
Tags: Add Tag
No Tags, Be the first to tag this record!

MARC

LEADER 00000nbm a2200000 4500
001 0245821
005 20181213145447.6
041 0 |a slo 
044 |a SK 
245 1 0 |a Produkty komerčných bánk pre malé a stredné podniky  |b bakalárska práca  |c Xinyi Lin ; školiteľ: Eva Horvátová 
264 1 |a Bratislava  |c 2018 
300 |a 46 s. 
100 1 |a Lin, Xinyi 
700 1 |a Horvátová, Eva, 1958- 
710 2 |a Národohospodárska fakulta EU. Katedra bankovníctva a medzinárodných financií